00405nam a2200145Ia 4500008004100000020001500041040001900056041001200075082002900087245004900116260003400165300001900199650001900218850002200237131103s9999 xx 000 0 und d a818710726X aLoreto College aEnglish aREF/954/INDbLCBED/14951 aIndiab colours and shadows of spirituality  aDelhibOm Books International a128p. c 25cm. aIndian culture aLCBED/REF/954/IND